सोमनाथ / (Record no. 78459)
[ view plain ]
| 000 -LEADER | |
|---|---|
| fixed length control field | 01437nam a22002657a 4500 |
| 005 - DATE AND TIME OF LATEST TRANSACTION | |
| control field | 20200306152443.0 |
| 010 ## - LCCN (DPL NO) | |
| LC control number | B-732760 B-494672-681 HIN-101891 B-712876 |
| 020 ## - INTERNATIONAL STANDARD BOOK NUMBER | |
| International Standard Book Number | 9788170281573 |
| Terms of availability | 350.00 |
| 020 ## - INTERNATIONAL STANDARD BOOK NUMBER | |
| Terms of availability | 425.00 |
| International Standard Book Number | 9788170281573 |
| 035 ## - SYSTEM CONTROL NUMBER | |
| System control number | B-732760 |
| 035 ## - SYSTEM CONTROL NUMBER | |
| System control number | B-494672-681 |
| 035 ## - SYSTEM CONTROL NUMBER | |
| System control number | B-712876 |
| 035 ## - SYSTEM CONTROL NUMBER | |
| System control number | HN-74237 |
| 037 ## - SOURCE OF ACQUISITION | |
| Source of stock number/acquisition | स्टार पब्लिकेशंस |
| 082 ## - DEWEY DECIMAL CLASSIFICATION NUMBER | |
| Classification number | उ |
| 100 ## - MAIN ENTRY--PERSONAL NAME | |
| Personal name | चतुरसेन |
| 245 ## - TITLE STATEMENT | |
| Title | सोमनाथ / |
| Statement of responsibility, etc | चतुरसेन |
| 260 ## - PUBLICATION, DISTRIBUTION, ETC. (IMPRINT) | |
| Place of publication, distribution, etc | दिल्ली |
| Name of publisher, distributor, etc | राजपाल |
| -- | 2013 |
| Date of publication, distribution, etc | 2017 |
| 270 ## - ADDRESS | |
| Address | 1590, मदरसा रोड, कश्मीरी गेट |
| City | दिल्ली |
| Postal code | 110006 |
| Telephone number | 011-23869812, 23865483 |
| Fax number | 011-23867791 |
| Electronic mail address | sales@rajpalpublishing.com |
| 300 ## - PHYSICAL DESCRIPTION | |
| Extent | 400 पृ. |
| Dimensions | 22 सेंमी.(सजिल्द) |
| 942 ## - ADDED ENTRY ELEMENTS (KOHA) | |
| Source of classification or shelving scheme | Dewey Decimal Classification |
| Item type | Hindi Books |
| Classification part | उ |
| Call number suffix | चतुर |
| Withdrawn status | Lost status | Not for loan | Collection code | Home library | Current library | Date acquired | Source of acquisition | Cost, normal purchase price | Full call number | Barcode | Copy number | Cost, replacement price | Koha item type |
|---|---|---|---|---|---|---|---|---|---|---|---|---|---|
| Fiction | Bawana | Bawana | 26/11/2018 | राजपाल 2239/18-19/20.11.2018/540/19.11.2018/20.11.2018 | 425.00 | उ चतुर | B-712876 | 1 | 425.00 | Hindi Books | |||
| Fiction | Central Library | Central Library | 06/08/2013 | स्टार पब्लिकेशंस/SP2458/15.03.13/192/13.12.13/15.03.13 | 350.00 | उ चतुर | B-494672 | 1 | 350.00 | Hindi Books | |||
| Not For Loan | Fiction | D.B.Act.Division | D.B.Act.Division | 10/03/2014 | DBAD/PUB | 325.00 | उ चतुर | HN-74237 | 1 | 325.00 | Hindi Books | ||
| Fiction | Janak Puri | Janak Puri | 06/08/2013 | स्टार पब्लिकेशंस/SP2458/15.03.13/192/13.12.13/15.03.13 | 350.00 | उ चतुर | B-494676 | 1 | 350.00 | Hindi Books | |||
| Fiction | Karol Bagh | Karol Bagh | 06/08/2013 | स्टार पब्लिकेशंस/SP2458/15.03.13/192/13.12.13/15.03.13 | 350.00 | उ चतुर | B-494679 | 1 | 350.00 | Hindi Books | |||
| Fiction | Kasturba Gandhi Marg | Kasturba Gandhi Marg | 06/08/2013 | स्टार पब्लिकेशंस/SP2458/15.03.13/192/13.12.13/15.03.13 | 350.00 | उ चतुर | B-494674 | 1 | 350.00 | Hindi Books | |||
| Fiction | Narela | Narela | 06/08/2013 | स्टार पब्लिकेशंस/SP2458/15.03.13/192/13.12.13/15.03.13 | 350.00 | उ चतुर | B-494680 | 1 | 350.00 | Hindi Books | |||
| Fiction | Patel Nagar | Patel Nagar | 06/08/2013 | स्टार पब्लिकेशंस/SP2458/15.03.13/192/13.12.13/15.03.13 | 350.00 | उ चतुर | B-494673 | 1 | 350.00 | Hindi Books | |||
| Written-off vide DLB M. No. 383 dt 16.05.19 | Fiction | Peshwa Road | Peshwa Road | 06/08/2013 | स्टार पब्लिकेशंस/SP2458/15.03.13/192/13.12.13/15.03.13 | 350.00 | उ चतुर | B-494675 | 1 | 350.00 | Hindi Books | ||
| Binding | Fiction | Sarojini Nagar | Sarojini Nagar | 06/08/2013 | स्टार पब्लिकेशंस/SP2458/15.03.13/192/13.12.13/15.03.13 | 350.00 | उ चतुर | B-494677 | 1 | 350.00 | Hindi Books | ||
| Fiction | Shahdara Branch | Shahdara Branch | 06/08/2013 | स्टार पब्लिकेशंस/SP2458/15.03.13/192/13.12.13/15.03.13 | 350.00 | उ चतुर | B-494681 | 1 | 350.00 | Hindi Books | |||
| Fiction | Sriniwas Puri | Sriniwas Puri | 06/08/2013 | स्टार पब्लिकेशंस/SP2458/15.03.13/192/13.12.13/15.03.13 | 350.00 | उ चतुर | B-494678 | 1 | 350.00 | Hindi Books |
